[Event "80th ch-2013"]
[Site "Joao Pessoa BRA"]
[Date "2013.12.20"]
[Round "10.6"]
[White "Mekhitarian, K."]
[Black "Barbosa, Ev"]
[Result "0-1"]
[WhiteElo "2566"]
[BlackElo "2461"]
[PlyCount "68"]
[EventDate "2013.12.13"]
[EventType "tourn"]
[EventRounds "11"]
[EventCountry "BRA"]
[EventCategory "7"]

1. c4 c5 2. Nf3 Nc6 3. d4 cxd4 4. Nxd4 Nf6 5. Nc3 e6 6. g3 Qb6 7. Nb3 Ne5 8. e4
Bb4 9. Qe2 d6 10. f4 Nc6 11. Be3 Qc7 12. Bg2 Bxc3+ 13. bxc3 O-O 14. c5 dxc5 15.
e5 Nd5 16. Bxc5 Na5 17. Bxf8 Nxb3 18. axb3 Qxc3+ 19. Kf2 Qd4+ 20. Kf3 Qc3+ 21.
Kf2 Qd4+ 22. Kf3 Qc3+ 23. Kg4 Kxf8 24. Rhc1 Qxb3 25. Rab1 Qa3 26. Qb2 Qd3 27.
Qb3 h5+ 28. Kxh5 Qf5+ 29. Kh4 Ne7 30. Qb4 a5 31. Qc5 Ke8 32. g4 Ng6+ 33. Kg3
Qxf4+ 34. Kh3 Nxe5 0-1

[Event "80th ch-2013"]
[Site "Joao Pessoa BRA"]
[Date "2013.12.21"]
[Round "11.1"]
[White "Barbosa, Ev"]
[Black "Santiago, Y."]
[Result "0-1"]
[WhiteElo "2461"]
[BlackElo "2450"]
[PlyCount "86"]
[EventDate "2013.12.13"]
[EventType "tourn"]
[EventRounds "11"]
[EventCountry "BRA"]
[EventCategory "7"]

1. e4 e6 2. d4 d5 3. e5 c5 4. c3 Nc6 5. Nf3 Qb6 6. a3 Nh6 7. b4 cxd4 8. Bxh6
gxh6 9. cxd4 Bg7 10. Nc3 O-O 11. b5 Ne7 12. Bd3 f6 13. O-O Bd7 14. exf6 Bxf6
15. Qd2 Kg7 16. Ne2 Rf7 17. Qe3 Rg8 18. Ne5 Bxe5 19. Qxe5+ Kf8 20. Qe3 Rg5 21.
h4 Rg4 22. Qxh6+ Rfg7 23. Qf6+ Rf7 24. Qe5 Rxh4 25. Qb8+ Be8 26. a4 Nf5 27.
Bxf5 exf5 28. Rac1 Re7 29. g3 Rg4 30. Rfe1 Rge4 31. Qc8 Rxe2 32. Qxf5+ Rf7 33.
Qxd5 Rxe1+ 34. Rxe1 Qf6 35. f4 Rd7 36. Qc5+ Qd6 37. Qf5+ Bf7 38. Re4 Qg6 39.
Qxd7 Qxg3+ 40. Kh1 Qf3+ 41. Kh2 Qxe4 42. Qd8+ Qe8 43. Qd6+ Qe7 0-1

[Event "80th ch-2013"]
[Site "Joao Pessoa BRA"]
[Date "2013.12.21"]
[Round "11.2"]
[White "Macedo, Maximo Iack Miranda"]
[Black "Mekhitarian, K."]
[Result "0-1"]
[WhiteElo "2369"]
[BlackElo "2566"]
[PlyCount "52"]
[EventDate "2013.12.13"]
[EventType "tourn"]
[EventRounds "11"]
[EventCountry "BRA"]
[EventCategory "7"]

1. d4 Nf6 2. c4 e6 3. Nc3 Bb4 4. f3 c5 5. d5 d6 6. e4 O-O 7. Bd3 b5 8. Nge2
Nbd7 9. dxe6 fxe6 10. cxb5 d5 11. O-O Bb7 12. exd5 exd5 13. Nf4 Re8 14. Bf5 Nf8
15. Kh1 Ba5 16. Qc2 g6 17. Bh3 c4 18. Na4 Qd6 19. Ne2 Rad8 20. Nac3 d4 21. Ne4
Nxe4 22. fxe4 Qc5 23. b4 Bxb4 24. Rxf8+ Rxf8 25. Be6+ Kg7 26. Ng3 d3 0-1

[Event "80th ch-2013"]
[Site "Joao Pessoa BRA"]
[Date "2013.12.21"]
[Round "11.4"]
[White "Brito, L."]
[Black "Di Berardino, D."]
[Result "1/2-1/2"]
[WhiteElo "2276"]
[BlackElo "2494"]
[PlyCount "59"]
[EventDate "2013.12.13"]
[EventType "tourn"]
[EventRounds "11"]
[EventCountry "BRA"]
[EventCategory "7"]

1. Nc3 c5 2. Nf3 Nc6 3. d4 cxd4 4. Nxd4 Nf6 5. e4 e6 6. Ndb5 d6 7. Bf4 e5 8.
Bg5 a6 9. Bxf6 gxf6 10. Na3 f5 11. exf5 Bxf5 12. Nd5 Bg7 13. c3 O-O 14. Nc4 Be6
15. g3 Ne7 16. Bg2 Nxd5 17. Bxd5 Rc8 18. Ne3 Kh8 19. O-O Bh6 20. Re1 Rc5 21.
Bg2 Qb6 22. Qh5 Bxe3 23. fxe3 Rg8 24. Qh6 Rcc8 25. Be4 Rg7 26. b3 Re8 27. Qf6
Bg4 28. Bd5 Be6 29. Be4 Bg4 30. Bd5 1/2-1/2

[Event "80th ch-2013"]
[Site "Joao Pessoa BRA"]
[Date "2013.12.21"]
[Round "11.5"]
[White "Leitao, R."]
[Black "Jatoba de Oliveira Reis, P."]
[Result "1-0"]
[WhiteElo "2636"]
[BlackElo "2394"]
[PlyCount "71"]
[EventDate "2013.12.13"]
[EventType "tourn"]
[EventRounds "11"]
[EventCountry "BRA"]
[EventCategory "7"]

1. d4 Nf6 2. c4 c5 3. d5 b5 4. Nf3 g6 5. Qc2 bxc4 6. e4 Ba6 7. Nbd2 c3 8. bxc3
Bxf1 9. Kxf1 Bg7 10. g3 O-O 11. Kg2 e6 12. dxe6 fxe6 13. e5 Nd5 14. c4 Nb6 15.
Ba3 Qc7 16. Rae1 Na6 17. Qe4 Rf5 18. g4 Rff8 19. h4 Qc6 20. Qxc6 dxc6 21. Ng5
Rad8 22. Nde4 Nxc4 23. Bxc5 Nxc5 24. Nxc5 Rd2 25. Nge4 Rxa2 26. Nxe6 Rf7 27.
Nxg7 Kxg7 28. e6 Re7 29. Ra1 Re2 30. Kf3 Rb2 31. Rhd1 Rbb7 32. Kg2 Ne5 33. g5
Rb4 34. Nf6 Rbb7 35. Rd8 Rxe6 36. Ne8+ 1-0

[Event "80th ch-2013"]
[Site "Joao Pessoa BRA"]
[Date "2013.12.21"]
[Round "11.6"]
[White "Cavalcanti, F."]
[Black "Umetsubo, C."]
[Result "0-1"]
[WhiteElo "2294"]
[BlackElo "2279"]
[PlyCount "132"]
[EventDate "2013.12.13"]
[EventType "tourn"]
[EventRounds "11"]
[EventCountry "BRA"]
[EventCategory "7"]

1. d4 d5 2. Nf3 Nf6 3. c4 e6 4. Nc3 Be7 5. Bg5 h6 6. Bh4 O-O 7. e3 Ne4 8. Bxe7
Qxe7 9. Qc2 Nxc3 10. Qxc3 dxc4 11. Bxc4 b6 12. Rc1 Bb7 13. Be2 Nd7 14. O-O Rfc8
15. Rfd1 c5 16. Qa3 Kf8 17. Bb5 Bc6 18. Bxc6 Rxc6 19. Qa4 Rc7 20. Rc2 Rac8 21.
Rdc1 Qd6 22. Qa6 Qd5 23. b3 Kg8 24. h3 Nb8 25. Qb5 Qd7 26. Qc4 b5 27. Qc3 Na6
28. Qa5 cxd4 29. Rxc7 Rxc7 30. Rd1 Qc8 31. Rxd4 Rc1+ 32. Kh2 Qc7+ 33. Qxc7 Rxc7
34. Rd8+ Kh7 35. Nd4 b4 36. Rd6 Nc5 37. Rc6 Rxc6 38. Nxc6 Nd3 39. Kg3 Kg6 40.
e4 f5 41. Kf3 a5 42. Nxa5 Nc1 43. Ke3 Nxa2 44. Kd4 fxe4 45. Kxe4 Kf6 46. Kd4
e5+ 47. Kc4 Kf5 48. Nc6 Nc3 49. Nxb4 Nd1 50. Nd5 Nxf2 51. b4 Ne4 52. Nc3 Nd6+
53. Kd5 Nc8 54. b5 h5 55. Ne4 Ne7+ 56. Kc5 Nc8 57. Ng3+ Kg5 58. Kd5 h4 59. Ne4+
Kf4 60. Nc3 Kg3 61. Kxe5 Kxg2 62. Kf5 Kxh3 63. Ne4 Kg2 64. Kg4 h3 65. Ng3 h2
66. Kh4 g6 0-1